000
00317nam a2200133Ia 4500
008
190216s9999||||xx |||||||||||||| ||und||
100
_a
David Halliday And Robert Resnik
245
0
_a
Physics Part 2
250
_a
5th Ed.
260
_b
Wiley Eastern Ltd
_c
1977
300
_a
1294
650
_a
Physics
942
_c
BK
999
_c
32822
_d
32822